00708cam a2200193 a 4500008004100000020002300041100002100064245019000085260006000275300003400335504004100369500002000410650001400430700002200444700002100466003000100487005001700488040000900505  a0201427788 (pbk. )1 aLaQuey, Tracy L.14aThe European Internet companion :ba beginner's guide to global networking /cTracy Laquey ; adapted for the European market by Stephan Deutsch and Richard Harris ; foreword by Al Gore. aWorkingham, England :bAddison Wesley Pub. Co.,cc1995. axiv, 272 p. :bill. ;c22 cm. aIncludes bibliographical references. aIncludes index. 0aInternet.1 aDeutsch, Stephan.1 aHarris, Richard.20230123134451.0 cNUST